| 000 | 00591nam a2200229Ia 4500 | ||
|---|---|---|---|
| 003 | 0100 | ||
| 008 | 130303s9999 xx 000 0 und d | ||
| 020 | _a898622484 | ||
| 040 | _cARRUPELIB | ||
| 050 | _aJV6032.C371993 | ||
| 100 | _aCastles, Stephen | ||
| 245 | 4 | _aThe age of migration | |
| 245 | _binternational population movements in the modern world | ||
| 260 | _aNew York | ||
| 260 | _bThe Guilford Press | ||
| 260 | _C1993 | ||
| 300 | _aX | ||
| 300 | _b 307 p.22cm | ||
| 650 | _bThomist realism | ||
| 700 | _aStephen Castles, Mark J. Miller , Miller, Mark J | ||
| 942 | 0 | 0 | _02 |
| 999 |
_c8528 _d8528 |
||